Loading...
| History - World | 4 | 4 | 0 | 1 | 100 | 67 | 97.50 | 4 | 7 | 0.00 | 0.00 |
| History - American | 1 | 5 | 0 | 3 | 65 | 34 | 118.83 | 1 | 3 | 0.00 | 0.00 |
| History - Other | 1 | 2 | 0 | 0 | 35 | 59 | 97.67 | 1 | 3 | 0.00 | 0.00 |
| Modern World | 0 | 3 | 0 | 1 | 30 | 81 | 113.00 | 0 | 0 | 0.00 | 0.00 |
| History - European | 1 | 2 | 1 | 0 | 30 | 67 | 103.67 | 1 | 1 | 0.00 | 0.00 |
| Other Academic | 0 | 2 | 0 | 0 | 20 | 95 | 114.00 | 0 | 0 | 0.00 | 0.00 |
| Fine Arts - Other Arts | 0 | 2 | 0 | 0 | 20 | 119 | 136.50 | 0 | 1 | 0.00 | 0.00 |
| Other Culture | 1 | 0 | 0 | 0 | 15 | 31 | 31.00 | 1 | 1 | 0.00 | 0.00 |
| Literature - World | 0 | 1 | 0 | 0 | 10 | 146 | 146.00 | 0 | 0 | 0.00 | 0.00 |
| Philosophy | 0 | 1 | 0 | 0 | 10 | 139 | 139.00 | 0 | 0 | 0.00 | 0.00 |
| Mythology | 0 | 1 | 1 | 0 | 5 | 144 | 144.00 | 0 | 0 | 0.00 | 0.00 |
| Literature - American | 0 | 0 | 1 | 0 | -5 | 0.00 | 0 | 0 | 0.00 | 0.00 | |
| Fine Arts - Classical Music and Opera | 0 | 0 | 1 | 0 | -5 | 0.00 | 0 | 0 | 0.00 | 0.00 |